Statistics for Countries That Were Never Invaded By Britain By Continent

Click here to take the quiz!

General Stats

  • This quiz has been taken 21 times
  • The average score is 9 of 22

Answer Stats

ContinentCountry% Correct
South AmericaBolivia
78%
EuropeVatican City
72%
EuropeMonaco
67%
South AmericaParaguay
67%
AfricaChad
61%
AsiaMongolia
56%
EuropeAndorra
50%
EuropeBelarus
50%
EuropeLuxembourg
50%
AfricaMali
50%
AfricaCentral African Republic
44%
North AmericaGuatemala
44%
EuropeSweden
44%
AfricaIvory Coast
33%
AsiaKyrgyzstan
33%
AsiaTajikistan
33%
AfricaBurundi
22%
OceaniaMarshall Islands
22%
AsiaUzbekistan
22%
AfricaSao Tome and Principe
17%
EuropeLichtenstein
11%
AfricaRepublic Of Congo
6%

Score Distribution

Percentile by Number Answered

Percent of People with Each Score

Your Score History

You have not taken this quiz